000
00316 a2200157 4500
001
173453
020
_a
040
_c
Magnum
100
_a
Kupstas, Marcia
240
1
0
_a
Bicho esquisito
_l
por
245
1
0
_a
Bicho esquisito
362
0
_a
1899
440
1
_a
Moderna
697
_a
I/FADAS, FANTASIA
942
_c
BK
999
_c
173453
_d
173453